Detalles MARC
| 000 -LIDER |
| fixed length control field |
01263nam a2200373 b 4500 |
| 001 - NÚMERO DE CONTROL |
| Identificador de número de control |
00309090 |
| 003 - IDENTIFICACDOR DE NÚMERO DE CONTROL |
| control field |
DO-SdBNP |
| 005 - DATE AND TIME OF LATEST TRANSACTION |
| control field |
20230518130602.0 |
| 007 - CAMPOS FIJOS DE DESCRIPCIÓN FÍSICA |
| fixed length control field |
00309090 |
| 008 - ELEMENTOS DE LONGITUD FIJA |
| fixed length control field |
930119s1985 sp | |||| ||spa d |
| 016 7# - NO. DE CONTROL DE LA AGENCIA BIB. NACIONAL |
| Record control number |
|
| Canceled/invalid record control number |
|
| Source |
BPMSU |
| 017 ## - NÚMERO DE REGISTRO DE DERECHOS DE AUTOR |
| Copyright or legal deposit number |
|
| Assigning agency |
|
| 020 ## - ISBN |
| International Standard Book Number |
843457697X |
| 035 ## - NÚMERO LOCAL |
| System control number |
|
| 040 ## - FUENTE DE CATALOGACIÓN |
| Agencia que crea de manera original el registro |
BPMSU |
| Idioma de catalogación |
spa |
| Agencia que realiza la transcripción |
BPMSU |
| 080 ## - NÚMERO DE CLASIFICACIÓN DECIMAL UNIVERSAL |
| Universal Decimal Classification number |
|
| 082 #4 - NÚMERO DE CLASIFICACIÓN DECIMAL DE DEWEY |
| Classification number |
863.3 |
| Item number |
C419l 1985 |
| Edition number |
22 |
| 100 1# - ASIENTO PRINCIPAL -- NOMBRE PERSONAL |
| Nombre personal |
Cervantes Saavedra, Miguel de, |
| Fechas asociadas con el nombre |
1547-1616 |
| 9 (RLIN) |
35 |
| 240 10 - TITULO UNIFORME |
| Subencabezamiento de forma |
|
| 245 13 - MENCIÓN DE TITULO |
| Título |
El licenciado Vidriera y otras novelas ejemplares / |
| Mención de responsabilidad |
Cervantes ; edición y notas de Inmaculada Ferrer ; prólogo de luis Rosales |
| Medio (Designación general de material) |
|
| 246 10 - VARIACION DEL TÍTULO |
| Título propiamente dicho o título corto |
Novelas ejemplares |
| 260 ## - PUBLICACIÓN, DISTRIBUCIÓN, ETC. (PIE DE IMPRENTA) |
| Lugar de publicación, distribución, etc |
[Barcelona] ; |
| Nombre del editor, distribuidor, etc. |
Salvat Editores, |
| Fecha de publicación, distribución, etc |
1985. |
| 300 ## - DESCRIPCIÓN FÍSICA |
| Extensión |
189 p. ; |
| Dimensiones |
20 cm. |
| 490 0# - MENCIÓN DE SERIES |
| Mención de serie |
Novelas ejemplares |
| 500 ## - NOTA GENERAL |
| Materiales especificados |
Incluye referencias bibliográfica y notas al pie de las páginas |
| 504 0# - NOTA DE BIBLIOGRAFÍA, ETC. |
| Bibliography, etc |
El licenciado Vidriera -- La gitanilla -- La ilustre fregona -- El casamiento engañoso -- Novela y coloquio que pasó entre Cipión y Berganza. |
| 590 ## - NOTA LOCAL |
| Texto de la nota local |
Inventariado, 2023/VM |
| 650 #4 - ENCABEZAMIENTO DE MATERIA--TEMÁTICO |
| Término temático o nombre geográfico como elemento de entrada |
Novela española |
| 700 1# - ASIENTO SECUNDARIO -- NOMBRE PERSONAL |
| Nombre personal |
Ferrer, Inmaculada |
| 700 1# - ASIENTO SECUNDARIO -- NOMBRE PERSONAL |
| Nombre personal |
Rosales, Luis, |
| Fechas asociadas con el nombre |
1910-1992. |
| 901 ## - LOCAL DATA ELEMENT A, LDA (RLIN) |
| a |
|
| 910 ## - VALIDACIÓN |
| Validación |
VMateo V. Control de calidad (BPMSU) |
| 942 ## - ADDED ENTRY ELEMENTS (KOHA) |
| Source of classification or shelving scheme |
Dewey Decimal Classification |
| Koha item type |
Libros |